|
|
|
|
| LEADER |
00000cam a22000002c 4500 |
| 001 |
1094288675 |
| 003 |
DE-627 |
| 005 |
20221225191145.0 |
| 007 |
tu |
| 008 |
910527s1975 xx ||||| 00| ||eng c |
| 035 |
|
|
|a (DE-627)1094288675
|
| 035 |
|
|
|a (DE-576)024288675
|
| 035 |
|
|
|a (DE-599)BSZ024288675
|
| 035 |
|
|
|a (OCoLC)174172007
|
| 040 |
|
|
|a DE-627
|b ger
|c DE-627
|e rakwb
|
| 041 |
|
|
|a eng
|
| 084 |
|
|
|a ER 920
|2 rvk
|0 (DE-625)rvk/27774:
|
| 100 |
1 |
|
|a Deutsche, Jean M.
|4 aut
|
| 245 |
1 |
4 |
|a The development of children's concepts of causal relations
|c Jean Marquis Deutsche
|
| 250 |
|
|
|a Minneapolis, 1937, reprod.
|
| 264 |
|
1 |
|a Westport, Conn.
|b Greenwood Pr.
|c 1975
|
| 300 |
|
|
|a VI, 104 S.
|
| 336 |
|
|
|a Text
|b txt
|2 rdacontent
|
| 337 |
|
|
|a ohne Hilfsmittel zu benutzen
|b n
|2 rdamedia
|
| 338 |
|
|
|a Band
|b nc
|2 rdacarrier
|
| 583 |
1 |
|
|a Archivierung prüfen
|c 20221111
|f DE-640
|z 1
|2 pdager
|
| 936 |
r |
v |
|a ER 920
|b Erstsprache (Muttersprache), Sprachentwicklung im Kindesalter
|k Allgemeine und vergleichende Sprach- und Literaturwissenschaft. Indogermanistik. Außereuropäische Sprachen und Literaturen
|k Allgemeine Sprachwissenschaft
|k Sprachpsychologie. Psycholinguistik
|k Spracherwerb, individueller Sprachstatus; Pathologie zu Sprachmedizin
|k Erstsprache (Muttersprache), Sprachentwicklung im Kindesalter
|0 (DE-627)1271295075
|0 (DE-625)rvk/27774:
|0 (DE-576)201295075
|
| 951 |
|
|
|a BO
|
| ELC |
|
|
|b 1
|
| LOK |
|
|
|0 000 xxxxxcx a22 zn 4500
|
| LOK |
|
|
|0 001 216502143X
|
| LOK |
|
|
|0 003 DE-627
|
| LOK |
|
|
|0 004 1094288675
|
| LOK |
|
|
|0 005 20020606000000
|
| LOK |
|
|
|0 008 910527||||||||||||||||ger|||||||
|
| LOK |
|
|
|0 040
|a DE-21
|c DE-627
|d DE-21
|
| LOK |
|
|
|0 852
|a DE-21
|
| LOK |
|
|
|0 852 1
|c KB 5 A 921
|9 00
|
| LOK |
|
|
|0 935
|a krim
|
| LOK |
|
|
|0 936ln
|a k8.7.3
|
| LOK |
|
|
|0 939
|a 27-05-91
|b l01
|
| ORI |
|
|
|a SA-MARC-krimdoka001.raw
|
| SIG |
|
|
|a UB: KB 5 A 921
|